Online katalóg knižníc regiónu Turca

Šerif z Fort Bentonu / (Record no. 22596)

MARC details
000 -LEADER
fixed length control field 00676nam a22002291a 4500
001 - CONTROL NUMBER
control field 22596
003 - CONTROL NUMBER IDENTIFIER
control field CZ PrNK
005 - DATE AND TIME OF LATEST TRANSACTION
control field 20260401145756.0
008 - FIXED-LENGTH DATA ELEMENTS--GENERAL INFORMATION
fixed length control field 040719s1970 xo slo
040 ## - CATALOGING SOURCE
Original cataloging agency ABA001
Language of cataloging cze
Transcribing agency ABA001
Modifying agency ABA001
041 1# - LANGUAGE CODE
Language code of text/sound track or separate title slo
Language code of original pol
100 1# - MAIN ENTRY--PERSONAL NAME
Personal name Wernic, Wiesław,
Dates associated with a name 1906-1986
Relationship aut
245 10 - TITLE STATEMENT
Title Šerif z Fort Bentonu /
Statement of responsibility, etc. Wiesłav Wernic ; Z poľ. orig. Szeryf z Fort Benton prel. Viera Havránková ; Il. Ondrej Zimka
250 ## - EDITION STATEMENT
Edition statement 1. vyd.
260 ## - PUBLICATION, DISTRIBUTION, ETC.
Place of publication, distribution, etc. Bratislava :
Name of publisher, distributor, etc. Mladé letá,
Date of publication, distribution, etc. 1970
300 ## - PHYSICAL DESCRIPTION
Extent 275 s. ;
Dimensions
490 1# - SERIES STATEMENT
Series statement Stopy
500 ## - GENERAL NOTE
General note Pre čitateľov od 11 rokov
830 #0 - SERIES ADDED ENTRY--UNIFORM TITLE
Uniform title Stopy
910 ## - USER-OPTION DATA (OCLC)
User-option data ABA001
942 ## - ADDED ENTRY ELEMENTS (KOHA)
Source of classification or shelving scheme Dewey Decimal Classification
Koha item type Krásna literatúra pre dospelých
Suppress in OPAC No
Holdings
Stav vyradenia Strata Poškodenie Spôsob nadobudnutia Domovská knižnica Aktuálna knižnica Dátum nadobudnutia Total checkouts Čiarový kód exemplára Date last seen Typ exemplára
      Dar Obecná knižnica Horná Štubňa Obecná knižnica Horná Štubňa 01.04.2026   4736202160 01.04.2026 Krásna literatúra pre dospelých
Projekt je podporený Slovenskou asociáciou knižníc
Prevádzkuje Turčianska knižnica Martin 2026